Loading...
| Science - Chemistry | 0 | 10 | 2 | 3 | 90 | 58 | 109.60 | 1 | 2 |
| Science - Biology | 0 | 6 | 5 | 1 | 35 | 21 | 89.50 | 2 | 3 |
| Literature - European Literature | 0 | 3 | 0 | 0 | 30 | 107 | 121.33 | 0 | 1 |
| Literature - British Literature | 0 | 3 | 0 | 1 | 30 | 45 | 91.00 | 1 | 2 |
| Fine Arts - Other Fine Arts | 0 | 2 | 0 | 0 | 20 | 94 | 116.00 | 0 | 0 |
| Current Events | 0 | 2 | 0 | 0 | 20 | 62 | 93.50 | 1 | 1 |
| Literature - American Literature | 0 | 2 | 0 | 0 | 20 | 128 | 133.00 | 0 | 1 |
| Literature - World Literature | 0 | 2 | 1 | 0 | 15 | 84 | 119.00 | 0 | 0 |
| Mythology | 0 | 2 | 1 | 1 | 15 | 132 | 143.50 | 0 | 0 |
| Religion | 0 | 2 | 1 | 0 | 15 | 96 | 115.50 | 0 | 0 |
| Science - Other Science | 0 | 3 | 4 | 2 | 10 | 122 | 133.33 | 0 | 0 |
| Science - Physics | 0 | 1 | 0 | 0 | 10 | 101 | 101.00 | 0 | 0 |
| History - European History | 0 | 1 | 0 | 0 | 10 | 117 | 117.00 | 0 | 0 |
| Philosophy | 0 | 1 | 0 | 0 | 10 | 125 | 125.00 | 0 | 0 |
| Fine Arts - Classical Music | 0 | 1 | 1 | 0 | 5 | 151 | 151.00 | 0 | 0 |
| Social Science | 0 | 1 | 1 | 0 | 5 | 94 | 94.00 | 0 | 0 |
| History - World History | 0 | 0 | 1 | 0 | -5 | 0.00 | 0 | 0 |